| 000 | 00392nam a2200133Ia 4500 | ||
|---|---|---|---|
| 008 | 221216s9999||||xx |||||||||||||| ||und|| | ||
| 020 | _a0-658-00945-1 | ||
| 040 | _cChuka University Library | ||
| 050 |
_aHD 69 _b.B7G74 2001 |
||
| 100 |
_aGregory,James R _92339 |
||
| 245 | 2 | _aA guide to global blannd marketing:branding across boarders | |
| 260 |
_aMcgraw hill _bNew york _c2001 |
||
| 942 |
_cBK _01 |
||
| 999 |
_c3202 _d3202 |
||